Risk Management : 10 [Ten] Principles /

Guardado en:
Detalles Bibliográficos
Autor principal: Jeynes, Jacqueline (autor)
Formato: Libro
Idioma:Inglés
Publicado: Oxford, Inglaterra : Butterworth-Heinemann, 2002, c2002
Temas:
Etiquetas: Agrega una etiqueta
Sin etiquetas, Sé el primero en etiquetar este registro!

MARC

LEADER 00000nam^a2200000^a^4500
001 000146318
005 20250521000000.0
009 20260310095907.963
020 |a 0-7506-5036-2 
037 |a Acervo ITESO - Biblioteca 
041 |a ING 
082 |a 658. 408  |b JEY 
100 |a Jeynes, Jacqueline  |e (autor) 
245 1 0 |a Risk Management :  |b 10 [Ten] Principles /  |c J. Jeynes. 
264 4 |a Oxford, Inglaterra :  |b Butterworth-Heinemann,  |c 2002, c2002 
300 |a XII, 124 p. 
336 |a texto  |b txt  |2 rdacontenido 
337 |a sin mediación  |b n  |2 rdamedio 
338 |a volumen  |b nc  |2 rdasoporte 
649 |a XX 
650 |a Riesgo Ambiental -  |x Administración 
650 |a Riesgo -  |x Prevención 
650 |a Riesgos y Accidentes Laborales -  |x Prevención 
650 |a Desarrollo de Ejecutivos 
650 |a Liderazgo 
650 |a Solución de Problemas 
650 |a Toma de Decisiones -  |x Análisis de Información 
650 |a Toma de Decisiones 
650 |a Planeación Estratégica 
650 |a Proceso Administrativo -  |x Dirección 
650 |a Empresas -  |x Administración 
650 |a Globalización 
650 |a Ciencias Administrativas 
910 |a Fondo General 
920 |a Impresos - Libros 
930 |a Colección General 
905 |a 101 
901 |a 0500075963  |b IT1  |c ACC  |u 20250521 
902 |a https://opac.biblio.iteso.mx/vufind/Record/000146318